000
00286nam a22001337a 4500
008
170126b xxu||||| |||| 00| 0 eng d
020
_a
00955108
041
_a
eng
080
_a
61
100
_a
3
101
_a
SHM
245
_a
CLINICS IN PERINATOLOGY
_c
PEREIRA, G.R
942
_2
udc
_c
BK
999
_c
3812
_d
3812